000 00342pab a2200133 454500
008 180718b xxu||||| |||| 00| 0 eng d
100 _aRangarajan C.
245 _aThe macro economic scenario and credit policy
362 _a37(12) 15 Jul 93, p.4-7
650 _a Credit Policy
650 _aMacroeconomics
773 _aYojana
909 _a25026
999 _c25026
_d25026